Gaming Quiz

Random Gaming or Mixed Word Quiz

Pokémon A-Z Mixed Word Quiz Stats

 Plays Quiz not verified by Sporcle

Challenge
Share
Tweet
Embed
Score 0/26 Timer 04:00
0 Plays Today
Scrambled Pokémon Unscrambled Pokémon % Correct
kboarArbok
92.1%
axut Xatu
84.3%
laefebyBayleef
80.9%
giluaLugia
79.8%
brkabyKrabby
77.5%
ayrazuqaRayquaza
71.9%
fowraeFearow
69.7%
lqwshiifQwilfish
69.7%
lespulPlusle
68.5%
ileevawWeavile
67.4%
gynaameYanmega
66.3%
rhmyaiaa Hariyama
65.2%
raaivvbVibrava
64%
Scrambled Pokémon Unscrambled Pokémon % Correct
nmuober Umbreon
60.7%
ipraond Drapion
59.6%
earcmllpClamperl
57.3%
ltyrlceoi Octillery
51.7%
rnsuudthu Thundurus
51.7%
friennepaInfernape
50.6%
tlnejclei Jellicent
48.3%
evalcseriaEscavalier
43.8%
eowlisuz Zweilous
43.8%
improistbSpiritomb
34.8%
neelatsinNinetales
27%
laurlgbn Granbull
25.8%
trsamsoeg Metagross
24.7%

You're not logged in!

Compare scores with friends on all Sporcle quizzes.
OR
Log In

You Might Also Like...

Show Comments

Extras

Top Quizzes Today


Score Distribution

Your Account Isn't Verified!

In order to create a playlist on Sporcle, you need to verify the email address you used during registration. Go to your Sporcle Settings to finish the process.

Report this User

Report this user for behavior that violates our Community Guidelines.

Details: